Teen Wolf Characters - Statistics

General Stats
  • This quiz has been taken 347 times
  • The average score is 29 of 41
Answer Stats
Surname First name % Correct
McCall Scott
100%
McCall Melissa
99%
Stilinski Stiles
99%
Martin Lydia
97%
Argent Allison
94%
Hale Derek
94%
Yukimura Kira
94%
Hale/Tate Malia
94%
Hale Peter
94%
Argent Chris
93%
Whittemore Jackson
92%
Lahey Isaac
91%
Argent Kate
91%
Dunbar Liam
91%
Stilinski Noah
89%
Hale Cora
87%
Raeken Theo
87%
Argent Gerard
84%
Argent Victoria
84%
Reyes Erica
83%
Finstock Bobby
82%
Hewitt Mason
79%
Romero Hayden
77%
Deaton Alan
76%
Hale Talia
71%
Boyd Vernon
70%
Hale Laura
69%
McCall Rafael
69%
Talbot Brett
64%
Stilinski Claudia
61%
Yukimura Ken
49%
Martin Natalie
48%
Yukimura Noshiko
42%
Bryant Corey
40%
Ito Satomi
36%
Raeken Tara
21%
Argent Henry
18%
Tate Henry
18%
Stilinski Elias
17%
Lahey Camden
11%
Ruhr Lori
11%
No matching quizzes found
Score Distribution
Percent of People with Each Score
Percentile by Number Answered
Your Score History
You have not taken this quiz